LIBRARY & INFORMATION CENTRE, KCAET, TAVANUR

ONLINE PUBLIC ACCESS CATALOGUE (OPAC)

Studies on microwave drying and packaging of curry leaves (Record no. 15015)

MARC details
000 -LEADER
fixed length control field 00670nam a22001817a 4500
003 - CONTROL NUMBER IDENTIFIER
control field OSt
088 ## - REPORT NUMBER
Report number P 238
100 ## - MAIN ENTRY--AUTHOR NAME
Personal name AMITHA M. ANAND
-- CHIPPY JASMINE FRANCIS
245 ## - TITLE STATEMENT
Title Studies on microwave drying and packaging of curry leaves
260 ## - PUBLICATION, DISTRIBUTION, ETC. (IMPRINT)
Place of publication Tavanur 2011
Name of publisher Department of Post-Harvest Technology and Agricultural Processing
300 ## - PHYSICAL DESCRIPTION
Number of Pages 50
500 ## - GENERAL NOTE
General note Studies on microwave drying and packaging of curry leaves
520 ## - SUMMARY, ETC.
Summary, etc Studies on microwave drying and packaging of curry leaves
700 ## - ADDED ENTRY--PERSONAL NAME
Personal name Dr. Prince M. V (Guide)
856 ## - ELECTRONIC LOCATION AND ACCESS
Uniform Resource Identifier https://drive.google.com/open?id=1wgk1ltJnWekzjRoie4Bmn7aRWg2Tea_Q
942 ## - ADDED ENTRY ELEMENTS (KOHA)
Koha item type Project Report
Holdings
Collection code Home library Current library Shelving location Full call number Accession Number Koha item type
Reference KAUAET KAUAET Reference 631.56 AMI/ST P 238 Project Report
free website counter